| 000 | 01434cam a2200421 a 4500 | ||
|---|---|---|---|
| 001 | 39605 | ||
| 005 | 20230410101711.0 | ||
| 008 | 970501s1998 msua b s000 0 eng | ||
| 010 | _a 97017175 | ||
| 035 | _a(OCoLC)ocm36892763 | ||
| 040 |
_aDLC _cDLC _dBAKER _dBTCTA _dYDXCP |
||
| 020 | _a1578060141 (alk. paper) | ||
| 020 | _a9781578060146 (alk. paper) | ||
| 029 | 1 |
_aYDXCP _b1415676 |
|
| 035 | _a(OCoLC)36892763 | ||
| 043 |
_anwht--- _afw----- |
||
| 050 | 1 | 4 |
_a110 ND 237 _bC834v 1998 |
| 082 | 0 | 0 | _a709/.2 |
| 100 | 1 |
_aCosentino, Donald, _d1941- |
|
| 245 | 1 | 0 |
_aVodou things : _bthe art of Pierrot Barra and Marie Cassaise / _cDonald J. Cosentino. |
| 260 |
_aJackson : _bUniversity Press of Mississippi, _cc1998. |
||
| 300 |
_a72 p. : _bcol. ill. ; _c21 cm. |
||
| 440 | 0 | _aFolk art and artists series | |
| 504 | _aIncludes bibliographical references (p. 44). | ||
| 650 | 0 | _aVoodooism | |
| 600 | 1 | 0 |
_aBarra, Pierrot _xCriticism and interpretation. |
| 600 | 1 | 0 |
_aCassaise, Marie _xCriticism and interpretation. |
| 650 | 0 |
_aOutsider art _zHaiti. |
|
| 650 | 0 | _aVoodooism in art. | |
| 650 | 0 |
_aArt, West African _xInfluence. |
|
| 650 | 4 | _aCEH | |
| 650 | 4 | _aColección Estudios Haitianos | |
| 938 |
_aBaker & Taylor _bBKTY _c22.50 _d16.88 _i1578060141 _n0003011331 _sactive |
||
| 938 |
_aBaker and Taylor _bBTCP _n97017175 |
||
| 938 |
_aYBP Library Services _bYANK _n1415676 |
||
| 942 |
_2lcc _cbk |
||
| 994 |
_aC0 _bDRFGD |
||
| 999 |
_c12339 _d12339 |
||